[Event "Moscow Smyslov-C"]
[Site "Moscow"]
[Date "2025.06.08"]
[Round "7"]
[White "Shchurin, Vladimir"]
[Black "Agapov, Ivan Dm"]
[Result "1/2-1/2"]
[WhiteElo "1704"]
[BlackElo "1659"]
[PlyCount "72"]
[EventDate "2025.06.02"]
[EventType "swiss"]
[EventRounds "8"]
[EventCountry "RUS"]
[SourceTitle "CB29_2025"]
[SourceDate "2025.07.16"]
[SourceVersion "1"]
[SourceVersionDate "2025.07.16"]
[SourceQuality "1"]

1. d4 d5 2. Nf3 Nf6 3. e3 e6 4. Bd3 Be7 5. 0-0 0-0 6. b3 c5 7. Bb2 Nc6 8. a3 Qc7 9. Nbd2 Rd8 10. Ne5 cxd4 11. exd4 Qb6 12. f4 Nxd4 13. Kh1 Nc6 14. Qf3 h6 15. g4 Nd7 16. Nxc6 bxc6 17. g5 g6 18. gxh6 Bf6 19. Bxf6 Nxf6 20. Qg2 Ne4 21. Nxe4 dxe4 22. Bxe4 Kh7 23. Bxc6 Rb8 24. Rad1 Ba6 25. Rg1 Rxd1 26. Rxd1 Rd8 27. Rxd8 Qxd8 28. Bf3 Qd4 29. Qg3 Qd2 30. h4 Qc1+ 31. Kh2 Qxc2+ 32. Bg2 Bb7 33. b4 Qb2 34. Qg5 Bxg2 35. Qxg2 Qxa3 36. Qb7 Kxh6 1/2-1/2